| Tag |
First Indicator |
Second Indicator |
Subfields |
| LEADER |
00000cam a2200000 a 4500 |
| 001 |
in00000069765 |
| 005 |
20151008054552.0 |
| 008 |
800311s1909 enkc b 00110 eng d |
| 035 |
|
|
|a (OCoLC)06069268
|
| 035 |
|
|
|9 AAJ1038AM
|
| 040 |
|
|
|a VSC
|c VSC
|d m.c.
|d TXA
|d UtOrBLW
|
| 049 |
|
|
|a TXAM
|c [1481772]
|
| 090 |
|
|
|a B2773.E5
|b A2 1909
|
| 100 |
1 |
|
|a Kant, Immanuel,
|d 1724-1804.
|
| 245 |
1 |
0 |
|a Kant's Critique of practical reason and other works on the theory of ethics /
|c translated by Thomas Kingsmill Abbott.
|
| 250 |
|
|
|a 6th ed.
|b With memoir and portrait.
|
| 264 |
|
1 |
|a London ;
|a New York :
|b Longmans, Green,
|c 1909.
|
| 300 |
|
|
|a lxiv, 368 pages :
|b portrait ;
|c 22 cm.
|
| 336 |
|
|
|a text
|b txt
|2 rdacontent
|
| 337 |
|
|
|a unmediated
|b n
|2 rdamedia
|
| 338 |
|
|
|a volume
|b nc
|2 rdacarrier
|
| 500 |
|
|
|a The translations are based upon Rosenkranz and Schubert's edition of the author's complete works, Leipzig, 1838-40.
|
| 504 |
|
|
|a Includes bibliographical references and index.
|
| 650 |
|
0 |
|a Ethics.
|
| 700 |
1 |
|
|a Abbott, Thomas Kingsmill,
|d 1829-1913.
|
| 740 |
0 |
|
|a Critique of practical reason.
|
| 999 |
|
|
|a MARS
|
| 999 |
f |
f |
|s c748bc4d-e366-3157-ac51-92539c6b0b18
|i d18aaf9d-6c02-3f5e-994c-b85107326edd
|t 0
|
| 952 |
f |
f |
|p ric
|a Texas A&M University
|b Rellis Campus
|c Joint Library Facility
|d Remote Storage
|t 0
|e B2773.E5 A2 1909
|h Library of Congress classification
|i unmediated -- volume
|m A14806082489
|
| 998 |
f |
f |
|a B2773.E5 A2 1909
|t 0
|l Remote Storage
|